LEADER 01076nam0-22003731i-450- 001 990007179310403321 005 20111202184337.0 035 $a000717931 035 $aFED01000717931 035 $a(Aleph)000717931FED01 035 $a000717931 100 $a20111202d1964----km-y0itay50------ba 101 0 $aita 102 $aIT 200 1 $aPatria potestà e educazione religiosa dei figli$fCarlo Cognetti 210 $aMilano$cGiuffrè$d1964 215 $a106 p.$d25 cm 225 1 $aPubblicazioni della Facoltà di giurisprudenza della Università di Pisa$v3 676 $a346.015 676 $a342.5 700 1$aCognetti,$bCarlo$0407046 801 0$aIT$bUNINA$gRICA$2UNIMARC 901 $aBK 912 $a990007179310403321 952 $aA-I-E-14$b664$fDDRC 952 $aDP IX-77$b3013$fDEC 952 $aVIII C 323$bSez.I 387$fFGBC 952 $aUNIV. 342 (3)$b73372$fFGBC 952 $aII E 35$b75735$fFGBC 959 $aDDRC 959 $aDEC 959 $aFGBC 996 $aPatria potestà e educazione religiosa dei figli$9689457 997 $aUNINA